Loading...

Biological diversity act, 2002 and biological diversity rules, 2004

Bibliographic Details
Main Author: Padmakumar, K
Format: Printed Book
Published: National Biodiversity Authority, India 2007
Subjects:
LEADER 00566nam a2200193 4500
020
082 |a 577.954 PAD-B 
100 |a Padmakumar, K 
245 |a Biological diversity act, 2002 and biological diversity rules, 2004 
250
260 |a National Biodiversity Authority, India  |c 2007 
300 |a 57 
490
500
590 |a Priya  |b 2011-03-28 10:38:23 
650 |a Biodiversity- India 
942 |c BK 
999 |c 97664  |d 97664 
952 |0 0  |1 0  |4 0  |6 577_954000000000000_PADB  |7 0  |9 111132  |a AQU  |b AQU  |l 0  |o 577.954 PAD-B  |p AQU04153  |r 2019-09-25  |w 2019-09-25  |y BK